000 00688nam a2200229 a 4500
001 67168
003 BD-RjUL
005 20211209081625.0
008 170322s2008 couab b 001 0 eng
020 _a0974707783 (pbk.)
035 _a(BD-RjUL)67299
040 _aDLC
_cDLC
_dBD-RjUL
_beng
041 _aeng
082 0 0 _a598
_223
_bPRS 2008
100 1 _aPrice, Trevor,
_d1953-
_9198974
245 1 0 _aSpeciation in birds /
_cTrevor Price.
260 _aGreenwood Village, Colo. :
_bRoberts and Co.,
_cc2008.
300 _ax, 470 p. :
_bill. ;
_c26 cm.
504 _aIncludes bibliographical references (p. 410-457) and index.
650 0 _aBirds
_xSpeciation.
_9198975
942 _2ddc
_cBK
999 _c67168
_d67168